000 00312nam a2200121Ia 4500
005 20251222144633.0
008 251222s9999||||xx |||||||||||||| ||spa||
082 _a378.007/V67
100 _aVillegas, Antonio G.
245 0 _aLa Universidad Innovadora en América Latina:
264 _bServilibro
942 _cLIB
999 _c16366
_d16366